La Espalda del Sol - Diego 900 - Estadísticas

Estadísticas generales
  • Esta prueba ha sido intentada 10 veces
  • La puntuación promedio es 12 de 18
Estadísticas de respuestas
Hint Respuesta % Correcto
ft. L'haine, Natalia Lacunza Baby Jose
100%
ft. ABHIR Arriba
89%
ft. El Virtual Contacto
89%
ft. Claudio Montana Nuevo Diablo
89%
Nuevo Duelo
89%
T4 Barajas
89%
Dam
67%
Zombii
67%
1Plan2K2Amigos
56%
Bonito Estrés
56%
Canciones
56%
Créditos (Jose Mercé)
56%
ft. CONSTANZA XTCY
56%
DHL
44%
Gwapanese Hustle
44%
Háblame Así
44%
Nuevo Sabor
44%
Tráfico
44%
No se encontraron pruebas coincidentes
Distribución de puntuación
Porcentaje de gente con cada puntuación
Porcentaje por número respondido
Historial de tus puntuaciones
No has intentado esta prueba.